header

Assisted living administration (Record no. 24849)

MARC details
000 -LEADER
fixed length control field 01758nam a22003614a 4500
082 04 - DEWEY DECIMAL CLASSIFICATION NUMBER
Classification number 362.16/0973
100 1# - MAIN ENTRY--AUTHOR NAME
Personal name Allen, James E.
245 10 - TITLE STATEMENT
Title Assisted living administration
250 ## - EDITION STATEMENT
Edition statement 2nd ed.
260 ## - PUBLICATION, DISTRIBUTION, ETC. (IMPRINT)
Place of publication New York :
Name of publisher Springer Publishing Co.,
Year of publication c2004.
300 ## - PHYSICAL DESCRIPTION
Number of Pages xv, 541 p. :
Other physical details ill.
505 0# - FORMATTED CONTENTS NOTE
Formatted contents note Assisted living industry overview, management, leadership -- Assisted living facility organizational patterns; human resources -- Assisted living facility financing, business operations -- The assisted living facility environment : the long term care continuum laws and regulations -- Assisted living facility resident care.
650 #0 - SUBJECT ADDED ENTRY--TOPICAL TERM
Topical Term Congregate housing
Topical Term Older people
Topical Term Older people
Topical Term Community health services for older people
856 40 - ELECTRONIC LOCATION AND ACCESS
Uniform Resource Identifier http://site.ebrary.com/lib/rucke/Doc?id=10265516

No items available.

© 2026 Rongo University
Contact us: librarian | system librarian | Rongo university